| 000 | 04040nam a2201273 i 4500 | ||
|---|---|---|---|
| 001 | C00641208 | ||
| 003 | PE-LiUPU | ||
| 005 | 20250813185719.0 | ||
| 007 | ta | ||
| 008 | 241106s2024 pe d g 000 0 spa | ||
| 020 | _a9786123179748 | ||
| 040 |
_apelibn _bspa _erda _cPE-LiUPU _dPE-LiUPU |
||
| 082 | 0 | 4 |
_a365.985 _bC265 _223 |
| 245 | 0 | 4 |
_aLas cárceles en el Perú / _cJosé Luis Pérez Guadalupe, Véronique Lecaros, Lucía Nuñovero, editores. |
| 250 | _aPrimera edición. | ||
| 264 | 3 | 3 |
_aLima : _bFondo Editorial PUCP, _c2024 |
| 300 |
_a324 páginas : _bdiagramas ; _c21 cm. |
||
| 336 |
_aTexto _2rdacontent |
||
| 337 |
_asin mediación _2rdamedia |
||
| 338 |
_avolumen _2rdacarrier |
||
| 504 | _aIncluye bibliografías. | ||
| 505 | _a"Gobernanza carcelaria" en América Latina entre el extremo control penitenciario y el autogobierno de los presos -- El control de la sexualidad de las mujeres en la cárcel -- Mujeres, encierro y continuidades del trabajo en el penal de Santa Mónica: Perspectivas materialistas y decoloniales -- El sistema penitenciario desde una mirada psicológica y feminista -- Conversión, deconversión, reconversión en EP Piura: ¿desde el infierno, cielo en perspectiva? -- Reproducciones del espacio pentecostal carcelario: un análisis sobre la gestión del espacio carcelario en el penal de Lurigancho -- El hacinamiento carcelario y sus efectos colaterales en el Perú -- La extensión del encierro: experiencias de reinserción laboral de personas que recuperaron su libertad. | ||
| 526 | _aP202 | ||
| 526 | _aP201 | ||
| 526 | _aP163 | ||
| 526 | _aP162 | ||
| 526 | _aP161 | ||
| 526 | _aP160 | ||
| 526 | _aP148 | ||
| 526 | _aP147 | ||
| 526 | _aP146 | ||
| 526 | _aP145 | ||
| 526 | _aP144 | ||
| 526 | _aP143 | ||
| 526 | _aP142 | ||
| 526 | _aP141 | ||
| 526 | _aP140 | ||
| 526 | _aP139 | ||
| 526 | _aP138 | ||
| 526 | _aP137 | ||
| 526 | _aP136 | ||
| 526 | _aP135 | ||
| 526 | _aP134 | ||
| 526 | _aP133 | ||
| 526 | _aP129 | ||
| 526 | _aP128 | ||
| 526 | _aP127 | ||
| 526 | _aP120 | ||
| 526 | _aP119 | ||
| 526 | _aP118 | ||
| 526 | _aP116 | ||
| 526 | _aP115 | ||
| 526 | _aP114 | ||
| 526 | _aP110 | ||
| 526 | _aP109 | ||
| 526 | _aP108 | ||
| 526 | _aP104 | ||
| 526 | _aP103 | ||
| 526 | _aP102 | ||
| 526 | _aP99 | ||
| 526 | _aP98 | ||
| 526 | _aP97 | ||
| 526 | _aP96 | ||
| 526 | _aP95 | ||
| 526 | _aP93 | ||
| 526 | _aP90 | ||
| 526 | _aP89 | ||
| 526 | _aP88 | ||
| 526 | _aP83 | ||
| 526 | _aP82 | ||
| 526 | _aP62 | ||
| 526 | _aP59 | ||
| 526 | _aP58 | ||
| 526 | _aP57 | ||
| 526 | _aP51 | ||
| 526 | _aP49 | ||
| 526 | _aP48 | ||
| 526 | _aP47 | ||
| 526 | _aP29 | ||
| 526 | _aP24 | ||
| 526 | _aP20 | ||
| 526 | _aP19 | ||
| 526 | _aP17 | ||
| 526 | _aP15 | ||
| 526 | _aP14 | ||
| 526 | _aP12 | ||
| 526 | _aP10 | ||
| 526 | _aP09 | ||
| 526 | _aP08 | ||
| 526 | _aP07 | ||
| 526 | _aP06 | ||
| 526 | _aP05 | ||
| 526 | _aP04 | ||
| 526 | _aP01 | ||
| 650 | 1 | 8 |
_aPrisiones _xAspectos sociales _zPerú. |
| 650 | 2 | 8 |
_aMujeres presas _zPerú _xCondiciones sociales. |
| 650 | 2 | 8 |
_aTrabajo de la iglesia con presos _zPerú. |
| 650 | 2 | 8 |
_aExconvictos _zPerú _xCondiciones sociales _vEnsayos, conferencias, etc. |
| 700 | 1 |
_aPérez Guadalupe, José Luis, _d1965-, _eeditor. |
|
| 700 | 1 |
_aLecaros, Véronique, _d1958-, _eeditor. |
|
| 700 | 1 |
_aNuñovero Cisneros, Lucía, _d1983-, _eeditor. |
|
| 710 | 2 |
_aPontificia Universidad Católica del Perú, _eentidad editora. |
|
| 942 |
_2ddc _cBK _n0 |
||
| 980 |
_618226 _aJaime Vilcazán Jefe de Análisis Documental _81 _gALBERTO SANCHEZ Responsable de Automatización |
||
| 999 |
_c62921 _d62920 |
||